01294nam a2200361 a 450000100060000000300080000600500170001400800410003102000180007202000260009003500190011604000340013504100080016907200160017707200230019308200260021610000190024224500640026126000420032530000250036749000530039250000180044565000230046365000470048665000220053370000250055571000340058077300200061477300630063477600360069783000530073385601460078652985BD-RjUL20211209075906.0161002s1981 enk| s |||1 0|eng d a9789400958975 a9789400958999 (print) a(BD-RjUL)53105 dWaSeSSaBD-RjULbengcBD-RjUL aeng 7aYQS2bicssc 7aSCI0000002bisacsh04a519.532223bEVF 19811 aEveritt, B. S.10aFinite Mixture Distributionscby B. S. Everitt, D. J. Hand. aLondon :b Chapman and Hall, cc1981. aix, 143 p. ;b23 cm.1 aMonographs on Applied Probability and Statistics aInclude index 0aScience (General).14aMixture distributions (Probability theory)24aScience, general.1 aHand, D. J.eauthor.2 aSpringerLink (Online service)0 tSpringer eBooks 0tSpringerLink ebooks - Mathematics and Statistics (Archive)08iPrinted edition:z9789400958999 0aMonographs on Applied Probability and Statistics40uhttp://www.columbia.edu/cgi-bin/cul/resolve?clio11307552zFull text available from SpringerLink ebooks - Mathematics and Statistics (Archive)